Aplikovaná elektronika 1

Salvato in:
Dettagli Bibliografici
Autore principale: Felix, Jozef (Autore)
Natura: Libro
Lingua:slovacco
Pubblicazione: Košice : Vysoká škola technická v Košiciach, 1972
Edizione:1. vyd.
Tags: Aggiungi Tag
Nessun Tag, puoi essere il primo ad aggiungerne!!

MARC

LEADER 00000nam a22000003a 4500
001 stu33263
005 20150617225733.4
008 980818s1972------------------------slo-d
040 |a STU  |b slo 
041 0 |a slo 
100 1 |a Felix, Jozef  |4 aut 
245 1 |a Aplikovaná elektronika 1 
250 |a 1. vyd. 
260 |a Košice :  |b Vysoká škola technická v Košiciach,  |c 1972 
300 |a 616 s 
996 |b 284ES19462  |c E*S-6361  |l EE01  |s A  |a 24  |w stu33263_0001